| 000 | 01050nam a22002057a 4500 | ||
|---|---|---|---|
| 999 |
_c4293 _d4293 |
||
| 003 | OSt | ||
| 005 | 20250205115131.0 | ||
| 008 | 250205b ||||| |||| 00| 0 eng d | ||
| 020 | _a9781107657304 | ||
| 040 | _cKH8 | ||
| 082 | _a400 COX | ||
| 100 |
_aCox, Marian, _eauthor. |
||
| 245 |
_aCambridge Checkpoint English : _bWorkbook 9 _cMarian Cox. |
||
| 260 |
_aUnited Kingdom ; _bCambridge University Press , _c2015. |
||
| 300 |
_av, 97 pages : _billustrations ; _c28 cm. |
||
| 520 | _aThe Cambridge Checkpoint English suite provides a comprehensive, structured resource which covers the Secondary 1 framework for English and seamlessly progresses into the next key stage (covered by our Cambridge IGCSE® First Language English series). This skill-building, write-in Workbook for Stage 9 is designed to support students' learning and provide extra language tasks and reading and writing skills development, including sequencing and cloze exercises. | ||
| 650 |
_aEnglish _vworkbook |
||
| 650 |
_aEnglish _vpractice and assessment |
||
| 942 |
_2ddc _cFIC |
||